Two Word Capital Quiz - Statistics

General Stats
  • This quiz has been taken 51 times
  • The average score is 16 of 25
Answer Stats
Capital % Correct
Mexico City
92%
Guatemala City
85%
Buenos Aires
74%
New Delhi
74%
Vatican City
74%
Panama City
72%
Port Moresby
72%
Cape Town
69%
San Marino
69%
Kuwait City
67%
Addis Ababa
64%
Kuala Lumpur
64%
Santo Domingo
64%
La Paz
62%
Saint George's
62%
Saint John's
62%
San Salvador
62%
Abu Dhabi
59%
Port Louis
59%
São Tomé
59%
Phnom Penh
51%
Port Vila
51%
San José
49%
Porto Novo
44%
South Tarawa
28%
No matching quizzes found
Score Distribution
Percent of People with Each Score
Percentile by Number Answered
Your Score History
You have not taken this quiz